000 00832na a2200265 4500
001 23755
003 MIRAKIL
005 20181213155302.0
008 180115b tu 000 0
020 _a9789759968670
040 _aMilas
_btur
_cTR-AnCHP
041 _atur
082 _a909.049435
_bG29k 2016
090 _a909.049435 G29k 2016
100 _aGazigil, İbrahim
245 _aKarasevdam Türkiye
_bAhıska Türklerinin yeniden doğuşu 1829-1992
_cİbrahim Gazigil
246 _aAhıska Türklerinin yeniden doğuşu 1829-1992
260 _aİstanbul
_bProfil Yayıncılık
_c2016
_fKayhan Matbaacılık
300 _a360 s.
_c21 sm.
440 _aProfil
_v552
490 _aPrestij kitaplar
_v33
650 _aTürkler
_xAhıska
740 _aAhıska Türklerinin yeniden doğuşu 1829-1992
942 _2ddc
_cBKS
999 _c9938
_d9938